La caída del Imperio Otomano y la creación de Medio Oriente /
Uloženo v:
| Další autoři: | |
|---|---|
| Médium: | Elektronický zdroj E-kniha |
| Jazyk: | španělština |
| Vydáno: |
Tlalpan, Ciudad de México :
Bonilla Artigas Editores,
2023.
|
| Vydání: | Primera edición. |
| Edice: | Pùblicahistórica ;
25. |
| Témata: | |
| On-line přístup: | Digitalia Hispánica |
| Tagy: |
Přidat tag
Žádné tagy, Buďte první, kdo vytvoří štítek k tomuto záznamu!
|
MARC
| LEADER | 00000nam a2200000 i 4500 | ||
|---|---|---|---|
| 001 | DIGBONART0362 | ||
| 003 | NyNyDIG | ||
| 007 | cr ||||||||||| | ||
| 008 | 230901s2023 mx ab ob 000 0 spa d | ||
| 006 | m o d | ||
| 035 | |a (OCoLC)1395939965 | ||
| 040 | |a DGITA |b eng |e rda |e pn |c DGITA | ||
| 020 | |a 9786078918171 |q eBook |q pdf | ||
| 020 | |a 9786078918164 |q eBook |q ePub | ||
| 020 | |z 9786078918157 | ||
| 043 | |a a-tu--- |a aw----- | ||
| 050 | 1 | 4 | |a DR486 ebook |
| 245 | 0 | 3 | |a La caída del Imperio Otomano y la creación de Medio Oriente / |c Carlos Martínez Assad, coordinador. |
| 250 | |a Primera edición. | ||
| 264 | 1 | |a Tlalpan, Ciudad de México : |b Bonilla Artigas Editores, |c 2023. | |
| 300 | |a 1 online resource : |b illustrations, maps. | ||
| 336 | |a text |b txt |2 rdacontent | ||
| 337 | |a computer |b c |2 rdamedia | ||
| 338 | |a online resource |b cr |2 rdacarrier | ||
| 347 | |a text file |2 rdaft | ||
| 347 | |b PDF | ||
| 490 | 1 | |a Pùblicahistórica ; |v 25 | |
| 504 | |a Includes bibliographical references. | ||
| 588 | 0 | |a Online resource; title from PDF title page (Digitalia, viewed September 1, 2023) | |
| 651 | 0 | |a Turkey |x History |y Ottoman Empire, 1288-1918. | |
| 651 | 0 | |a Middle East |x History. | |
| 700 | 1 | |a Martínez Assad, Carlos R., |e editor. | |
| 791 | 2 | |a Digitalia (Firm), |e distributor. | |
| 793 | 0 | |g Digitalia eBook Collection: |a Bonilla Artigas Editores | |
| 776 | 0 | 8 | |i Print version: |t Caída del Imperio Otomano y la creación de Medio Oriente. |b Primera edición. |d Tlalpan, Ciudad de México : Bonilla Artigas Editores, [2023] |z 9786078918157 |
| 830 | 0 | |a Pùblicahistórica ; |v 25. | |
| 856 | 4 | 0 | |3 Digitalia Hispánica |u https://digitalia.unach.elogim.com/a/129231/ |
| 910 | |a Premium collection: 2023 | ||